| 000 | 00891 a2200289 4500 | ||
|---|---|---|---|
| 001 | 71997 | ||
| 999 |
_c71997 _d20339 |
||
| 003 | TR-AnTOB | ||
| 005 | 20250407094459.0 | ||
| 008 | 081008s1983 tu 00001 tur | ||
| 041 | _atur | ||
| 050 |
_aPS2116 _b.W319 1983 |
||
| 090 | _aPS2116 .W319 1983 | ||
| 100 |
_aJames, Henry, _d1843-1916 _95283 |
||
| 245 | 0 |
_aWashington meydanı / _cHenry James ; çeviren Fatih Özgüven. |
|
| 264 | 1 |
_aİStanbul : _bİletişim yayınları, _c1983. |
|
| 300 |
_a191 s. ; _c20 cm. |
||
| 490 | 0 |
_aİletişim yayınları ; _v18 |
|
| 590 | _aSn. Celil Güngör tarafından bağışlanmıştır. | ||
| 650 | 7 |
_aBabalar ve kızlar _vRoman _2etuturkob _947531 |
|
| 650 |
_aChildren of physicians _vFiction _947530 |
||
| 650 | 0 |
_aFathers and daughters _vFiction _95143 |
|
| 700 | 1 |
_aÖzgüven, Fatih _980583 |
|
| 902 | _a0025640 | ||
| 903 | _aMerkez Kütüphane | ||
| 945 | _aPB, BS | ||
| 942 | _cBK | ||